000 00440ntaaa2200157 4500
003 01
005 20251027201920.0
008 0714s1973 ag 01
040 _aAR-BaBN
_bspa
_cAR-BaBN
_eaacr
_dRIC
082 _a244.1200 G76g2
245 _aGrandes héroes de la Biblia; Absalón el joven que quiso usurpar el trono de su padre.
250 _a1 ed.
260 _aMiami :
_bLogoi,
_c1974
650 _aNiños-Historias Bíblicas
942 _cBK
999 _c13866
_d13866